[Event "SLO-ch"]
[Site "SLO"]
[Date "1991.??.??"]
[Round "?"]
[White "Zorman, Vojko"]
[Black "Mencinger, Vojko"]
[Result "1/2-1/2"]
[WhiteElo "2270"]
[BlackElo "2365"]

1.e4 c5 2.Nf3 Nc6 3.Bb5 e6 4.O-O Nge7 5.c3 a6 6.Ba4 c4 7.d4 cxd3 8.Qxd3 Ng6
9.Bxc6 bxc6 10.c4 d6 11.Nc3 Be7 12.Be3 O-O 13.Rfd1 Qa5 14.c5 dxc5 15.Qc2 e5
16.Nd2 Nf4 17.Nc4 Qc7 18.Bxf4 exf4 19.f3 Be6 20.Ne2 Rfd8 21.b3 Bf6 22.Rxd8+ Rxd8
23.Rd1 Bd4+ 24.Kf1 g5 25.h3 Bf6 26.Rxd8+ Qxd8 27.Qd2 Qb8 28.h4 h6 29.hxg5 hxg5
30.Qc2 Qb4 31.Nc1 Bd4 32.Nd3 Qb8 33.Ncb2 Qf8 34.Na4 Qh6 35.Nf2 c4 36.bxc4 Qh4
37.Nb2 Bxf2 38.Qxf2 Qh8 39.Qd2 Qh1+ 40.Kf2 Qb1 41.a3 Qa2 42.Qc3 Bxc4 43.Qf6 Kh7
44.Qf5+ Kh6 45.Qf6+ Kh7 46.Qf5+ Kh6  1/2-1/2

[Event "SLO-ch"]
[Site "SLO"]
[Date "1991.??.??"]
[Round "?"]
[White "Zorman, Vojko"]
[Black "Gostisa, Leon"]
[Result "1-0"]
[WhiteElo "2270"]
[BlackElo "2430"]

1.e4 c5 2.Nf3 Nc6 3.Bb5 g6 4.O-O Bg7 5.Bxc6 dxc6 6.h3 Nf6 7.d3 O-O 8.Nc3 e6
9.Be3 Qc7 10.Qc1 e5 11.Bh6 Nh5 12.Bxg7 Kxg7 13.Ne2 Qe7 14.g4 Qf6 15.Kg2 Nf4+
16.Nxf4 Qxf4 17.Qxf4 exf4 18.Ne5 Re8 19.Nc4 Be6 20.Nd2 g5 21.h4 h5 22.f3 gxh4
23.Rh1 Rh8 24.g5 h3+ 25.Kf2 h4 26.Nb3 Rh5 27.Rag1 Rd8 28.Nc1 h2 29.Rxh2 h3
30.Ne2 Rh4 31.Nxf4 c4 32.Kg3 Rhh8 33.Nxe6+ fxe6 34.dxc4 Rh5 35.Kg4 Rdh8 36.Rgh1 Kg6
37.f4 Rh4+ 38.Kg3 e5 39.f5+ Kxg5 40.Rxh3 Rg4+ 41.Kf3 Rf4+ 42.Ke3 Rxh3+ 43.Rxh3 Kg4
44.Rh7 Rf3+ 45.Ke2 Rf4 46.Rg7+ Kh5 47.Ke3  1-0

[Event "SLO-ch"]
[Site "SLO"]
[Date "1991.??.??"]
[Round "?"]
[White "Zorman, Vojko"]
[Black "Tratar, Marko"]
[Result "1/2-1/2"]
[WhiteElo "2270"]
[BlackElo "2340"]

1.e4 c5 2.Nf3 Nc6 3.Bb5 e6 4.Bxc6 bxc6 5.O-O Ne7 6.d3 Ng6 7.e5 Be7 8.Nc3 f6
9.exf6 Bxf6 10.Ne4 Be7 11.Be3 d6 12.d4 c4 13.b3 cxb3 14.axb3 O-O 15.Bg5 Bxg5
16.Nexg5 d5 17.Qd3 e5 18.dxe5 Bf5 19.Qe3 h6 20.Nh3 Qb6 21.Rfe1 c5 22.Nd2 Rae8
23.Qg3 Bxc2 24.Rac1 Bf5 25.Nf4 Rxe5 26.Rxe5 Nxe5 27.Nxd5 Qd6 28.Nc4 Qxd5
29.Qxe5 Qxe5 30.Nxe5 Rb8 31.Nc6 Rb7 32.Rxc5 Rxb3 33.h3 Rb1+ 34.Kh2 Bd7 35.Nxa7 Rb7
36.Nc6 Bxc6 37.Rxc6 Kf7 38.h4 Ra7 39.h5 Ra5 40.g4 Ra7 41.Kg3 Ra3+ 42.f3 Ra7
43.Rc4 Kf6 44.f4 Ra3+ 45.Kh4 Rf3 46.g5+ Kf5 47.gxh6 gxh6 48.Rc5+ Kxf4 49.Rc6 Kf5
50.Rxh6  1/2-1/2

[Event "SLO-ch"]
[Site "SLO"]
[Date "1991.??.??"]
[Round "?"]
[White "Srebrnic, Vojko"]
[Black "Podlesnik, Bogdan"]
[Result "0-1"]
[WhiteElo "2225"]
[BlackElo "2375"]

1.e4 c5 2.Nf3 Nc6 3.Bb5 e6 4.Bxc6 bxc6 5.d3 Ne7 6.O-O Ng6 7.c4 Be7 8.Nc3 O-O
9.Ne1 e5 10.Ne2 d5 11.Be3 f5 12.exf5 Bxf5 13.Ng3 Be6 14.b3 Bd6 15.Rc1 Rc8
16.Rc2 Nf4 17.f3 Qg5 18.Qc1 Rf6 19.Rff2 Rg6 20.cxd5 cxd5 21.b4 h5 22.bxc5 Bc7
23.Ne2 Nh3+ 24.Kf1 Qf6 25.gxh3 Bxh3+ 26.Ng2 Bxg2+ 27.Ke1 d4 28.Bd2 Qh4 29.Bb4 a5
30.Ng3 Qxh2 31.Rxg2 Qh4 32.Ba3 Rxg3 33.Rxg3 Qxg3+ 34.Rf2 Bd8 35.Qc4+ Kh7
36.Qe6 Bh4 37.Qf5+ Qg6 38.Qxc8 Qg1+ 39.Kd2 Qxf2+ 40.Kc1 Bg5+ 41.Kb1 Qe1+
42.Kc2 Qc3+ 43.Kb1 Qxd3+ 44.Ka1 Qd1+  0-1

[Event "Belavenets mem op"]
[Site "Smolensk"]
[Date "1991.??.??"]
[Round "?"]
[White "Kosikov, Alexey I"]
[Black "Ivanov, Vladimir Ivanovich"]
[Result "1-0"]
[WhiteElo "2420"]
[BlackElo "2220"]

1.e4 c5 2.Nf3 Nc6 3.Bb5 e6 4.Bxc6 bxc6 5.b3 Ne7 6.Bb2 Ng6 7.h4 h5 8.e5 Be7
9.d3 Rb8 10.Nbd2 Qa5 11.g3 c4 12.dxc4 c5 13.O-O Bb7 14.Qe2 Qc7 15.Ne1 Qc6
16.f3 Nf8 17.Ne4 Nh7 18.Rd1 Ba8 19.Nd6+ Kf8 20.Qe4 g5 21.Qxc6 Bxc6 22.Ng2 gxh4
23.gxh4 Kg7 24.Bc1 Nf8 25.Bg5 Bxg5 26.hxg5 Ng6 27.f4 h4 28.Kh2 h3 29.Ne3 Rh4
30.f5 Nxe5 31.fxe6 fxe6 32.Nef5+ exf5 33.Nxf5+ Kg6 34.Nxh4+ Kxg5 35.Rf5+ Kxh4
36.Rxe5 Rf8 37.Re2 a5 38.Rd3 Bg2 39.Rxg2 hxg2 40.Kxg2 Rd8 41.Kf3 Rf8+ 42.Ke4 Rf2
43.a4  1-0

[Event "Belavenets mem op"]
[Site "Smolensk"]
[Date "1991.??.??"]
[Round "?"]
[White "Ivanov, Vladimir Ivanovich"]
[Black "Anikaev, Yuri N"]
[Result "1/2-1/2"]
[WhiteElo "2220"]
[BlackElo "2415"]

1.e4 c5 2.Nf3 Nc6 3.Bb5 g6 4.O-O Bg7 5.Nc3 d6 6.Re1 e5 7.Nd5 a6 8.Bc4 b5
9.Bf1 Nge7 10.a4 Rb8 11.axb5 axb5 12.c3 O-O 13.Nxe7+ Qxe7 14.d3 Kh8 15.Be3 f5
16.exf5 gxf5 17.d4 e4 18.Bf4 Qf6 19.d5 Ne7 20.Ng5 Ng6 21.Qh5 h6 22.Ne6 Nxf4
23.Nxf4 Qf7 24.Qg6 Qf6 25.Ra7 Kg8 26.Rea1 b4 27.cxb4 Rxb4 28.Rc7 Rb7 29.Ra7 Rxa7
30.Rxa7 Rf7 31.Ra8 Qxg6 32.Rxc8+ Kh7 33.Nxg6 Kxg6 34.Rc6 Be5 35.b3 f4 36.Ba6 h5
37.Bc4 h4 38.Ra6 h3 39.f3 Kf5 40.Ra2 hxg2 41.fxe4+ Kxe4 42.Re2+ Kf5 43.Bd3+ Kg4
44.Rxg2+ Kh4 45.Rg6 f3 46.Kf1 Rf8 47.h3 Kxh3 48.Rg5 Rb8 49.Bf5+ Kh4 50.Rg4+ Kh5
51.b4 Bd4 52.Rg3 f2 53.bxc5 Bxc5 54.Kg2 Rb2 55.Bd3 Rd2 56.Rf3 Kg4 57.Bf5+ Kg5
58.Bd3 Rd1 59.Bf1 Rxd5 60.Bd3 Re5 61.Ba6 Re1 62.Bf1 Be3 63.Rf8 d5 64.Rf7 d4
65.Rf8 Rd1 66.Rf3 Kg6 67.Be2 Rg1+ 68.Kh3 Kg5 69.Ba6 Bf4 70.Bd3 Rh1+ 71.Kg2 Rh2+
72.Kf1 Be3 73.Be2 Kh4 74.Rf5 Kg3 75.Rf3+ Kh4 76.Rf5 Rh1+ 77.Kg2 Rg1+ 78.Kh2 Rg4
79.Bxg4 Kxg4 80.Rf7 d3 81.Kg2 d2 82.Rd7 Kf4 83.Rxd2  1/2-1/2

[Event "Belavenets mem op"]
[Site "Smolensk"]
[Date "1991.??.??"]
[Round "?"]
[White "Shliahtin, IE."]
[Black "Filipenko, Alexander V"]
[Result "0-1"]
[WhiteElo "2310"]
[BlackElo "2370"]

1.e4 c5 2.Nf3 Nc6 3.Bb5 e6 4.O-O Nge7 5.b3 a6 6.Bxc6 Nxc6 7.Bb2 b5 8.a4 b4
9.d3 d6 10.Nbd2 e5 11.Nc4 Be7 12.Nfd2 Bg5 13.Kh1 O-O 14.Ne3 Ra7 15.Ndc4 f6
16.g3 Bh3 17.f4 Bxf1 18.Qxf1 Bh6 19.Qf3 g6 20.Qg4 Kh8 21.Qh4 Bg7 22.f5 gxf5
23.Nxf5 d5 24.Nce3 dxe4 25.Qxe4 Nd4 26.Re1 Qa8 27.Qxa8 Rfxa8 28.Bxd4 cxd4
29.Nc4 Kg8 30.Kg2 Kf7 31.Kf3 h5 32.Ke4 Ke6 33.Rf1 Rg8 34.h3 Bf8 35.Rf3 Rh7
36.Nb6 Rg5 37.Nd5 Rf7 38.Nb6 Rc7 39.Nc4 Rcg7 40.Nxg7+ Bxg7 41.Rf1 Rxg3 42.Rf3 Rg2
43.Rf1 Rxc2 44.Rg1 Rf2  0-1

[Event "St Ingbert op"]
[Site "St Ingbert"]
[Date "1991.??.??"]
[Round "8"]
[White "Glek, Igor V"]
[Black "Turner, Matthew"]
[Result "1-0"]
[WhiteElo "2540"]
[BlackElo "2225"]

1.e4 c5 2.Nf3 Nc6 3.Bb5 g6 4.O-O Bg7 5.c3 e5 6.d4 cxd4 7.cxd4 Nxd4 8.Nxd4 exd4
9.f4 a6 10.Ba4 b5 11.Bb3 Bb7 12.f5 d5 13.exd5 Nf6 14.Re1+ Kf8 15.Qxd4 Nxd5
16.Bh6 Qf6 17.Qc5+ Kg8 18.Bxd5 Qd4+ 19.Qxd4 Bxd4+ 20.Be3 Bxe3+ 21.Rxe3 Bxd5
22.Nc3 Bc6 23.f6 h5 24.Re7 h4 25.Rc7 Be8 26.Rd1 Rh5 27.Nd5 Kh7 28.Nb6 Rb8
29.Nc8 Re5 30.Rd8 g5 31.Re7 Rxe7 32.fxe7 Bc6 33.Na7  1-0

[Event "St Martin op"]
[Site "St Martin"]
[Date "1991.??.??"]
[Round "4"]
[White "Shirazi, Kamran G"]
[Black "Petursson, Margeir"]
[Result "1/2-1/2"]
[WhiteElo "2390"]
[BlackElo "2515"]

1.e4 c5 2.Nf3 Nc6 3.Bb5 g6 4.O-O Bg7 5.c3 Nf6 6.Re1 O-O 7.d4 cxd4 8.Nxd4 Qb6
9.a4 a6 10.Bf1 d6 11.Na3 Ng4 12.Nc4 Qa7 13.Be3 Nxe3 14.fxe3 Ne5 15.Qb3 Qc5
16.Nb6 Rb8 17.a5 e6 18.Bc4 Nxc4 19.Qxc4 Qxc4 20.Nxc4 Rd8 21.Red1 Bf8 22.Nc2 d5
23.exd5 exd5 24.Nb6 Be6 25.Nb4 Rd6 26.Rd2 Rbd8 27.Rad1 Bh6 28.Kf2 Bg4 29.Re1 Be6
30.Red1 Bg4 31.Re1 Be6 32.h3 f5 33.Rd4 Bg7 34.Rd3 f4 35.exf4 d4 36.c4 Rxb6
37.axb6 Bxc4 38.Rd2 d3 39.Red1 Bd4+ 40.Kf3 Bxb6 41.Nxd3 Bb3 42.Ra1 a5 43.Ra3 a4
44.Rxb3 axb3 45.Rd1 h5 46.g4 hxg4+ 47.hxg4 g5 48.fxg5 Kg7 49.Ke2 Re8+ 50.Kd2 Ba5+
51.Kc1 Rc8+ 52.Kb1 Rd8 53.Nf2 Rxd1+ 54.Nxd1 Kg6 55.Nf2  1/2-1/2

[Event "Star Dojran"]
[Site "Star Dojran"]
[Date "1991.??.??"]
[Round "3"]
[White "Bielczyk, Jacek"]
[Black "Gicev, Blagoja"]
[Result "1/2-1/2"]
[WhiteElo "2405"]
[BlackElo "2315"]

1.e4 c5 2.Nf3 Nc6 3.Bb5 g6 4.O-O Bg7 5.c3 Nf6 6.e5 Nd5 7.d4 cxd4 8.cxd4 O-O
9.Nc3 Nc7 10.Ba4 d6 11.Bxc6 bxc6 12.Re1 Be6 13.Qa4 Qd7 14.Ng5 Bf5 15.Bf4 d5
16.Nf3 h6 17.Rac1 Ne6 18.Be3 g5 19.Ne2 Rac8 20.Rc3 Rc7 21.b4 Rfc8 22.a3 f6
23.exf6 exf6 24.Nd2 Bg6 25.Nb3 f5 26.f3 f4 27.Bf2 h5 28.Nc5 Nxc5 29.Rxc5 Bf8
30.Rc3 Bd6 31.Qd1 g4 32.Qd2 Qf7 33.Nc1 g3 34.hxg3 fxg3 35.Be3 Re8 36.Nd3 Qf6
37.Ne5 Bxe5 38.dxe5 Qh4 39.Qd4 Qh2+ 40.Kf1 Qh1+ 41.Bg1 Rf7 42.e6 Rg7 43.Re2 h4
44.Ke1 h3 45.gxh3 Rge7 46.Rxc6 Qxf3 47.Rc3 Rxe6 48.Rxe6 Rxe6+ 49.Re3 Rxe3+
50.Qxe3 Qxe3+  1/2-1/2

[Event "Tatran Cup"]
[Site "Stary Smokovec"]
[Date "1991.??.??"]
[Round "1"]
[White "Jansa, Vlastimil"]
[Black "Gross, Stefan"]
[Result "1/2-1/2"]
[WhiteElo "2485"]
[BlackElo "2430"]

1.e4 c5 2.Nf3 Nc6 3.Bb5 g6 4.O-O Bg7 5.c3 Nf6 6.Re1 O-O 7.h3 e5 8.Na3 d6
9.Bxc6 bxc6 10.d4 cxd4 11.cxd4 exd4 12.Nxd4 Bb7 13.Nb3 Re8 14.Qc2 a5 15.Bg5 a4
16.Nd2 Qa5 17.Nf3 d5 18.exd5 cxd5 19.Bd2 Qa6 20.Bc3 Rac8 21.Rxe8+ Nxe8 22.Rd1 Nd6
23.Qd3 Bxc3 24.bxc3 Ne4 25.Nb1 Qb6 26.Qc2 Bc6 27.Rd4 Qc5 28.Qb2 Bd7 29.Ne5 Bf5
30.Nd3 Qc7 31.Rxa4 Nxc3 32.Nxc3 Qxc3 33.Qxc3 Rxc3 34.Nf4 Rc1+ 35.Kh2 Rd1
36.Ne2 Rd2 37.Nd4 Bb1 38.a3 Rxf2 39.Kg3 Ra2 40.Nf3 Be4 41.Ra7 h6 42.h4 Kg7
43.a4 d4 44.Kf4 Bxf3 45.Kxf3 d3 46.g3 Kf6 47.a5 Ke6 48.a6 d2 49.Ke2 h5 50.Kd1 f6
51.Ra8 Kf5 52.a7 Kg4 53.Rg8 Rxa7 54.Rxg6+ Kf5 55.Rh6 Rd7 56.Rxh5+ Kg4 57.Rh6 Rd6
58.Rg6+ Kf3 59.Rg8 f5 60.h5 Ke3  1/2-1/2

[Event "Rilton Cup"]
[Site "Stockholm"]
[Date "1991.??.??"]
[Round "4"]
[White "Winge, Stefan"]
[Black "Degerman, Lars"]
[Result "0-1"]
[WhiteElo "2300"]
[BlackElo "2405"]

1.e4 c5 2.Nf3 Nc6 3.Bb5 g6 4.O-O Bg7 5.c3 Nf6 6.e5 Nd5 7.Re1 O-O 8.h3 Nc7
9.Ba4 b5 10.Bc2 d6 11.d4 cxd4 12.cxd4 dxe5 13.Be4 Nxd4 14.Bxa8 Nxa8 15.Nxe5 Bf5
16.Nd3 Nb6 17.Nc3 a5 18.Rb1 b4 19.Ne4 Qd5 20.Ng3 Rd8 21.Nxf5 Nxf5 22.Be3 Nxe3
23.Rxe3 Nc4 24.Rxe7 Ne5 25.Nxe5 Qxd1+ 26.Rxd1 Rxd1+ 27.Kh2 Bf6 28.Re8+ Kg7
29.Nc4 Ra1 30.a3 Ra2 31.Nxa5 bxa3 32.bxa3 Rxf2 33.Kg3 Rc2 34.Ra8 Rc3+ 35.Kf4 Rxa3
36.Ra7 Bd4 37.Rd7 Be3+ 38.Ke4 Bg5 39.Nc6 Bf6 40.g4 Rxh3 41.Nb4 Rh4 42.Kf3 h5
43.Nd5 Rxg4 44.Nc7 Kf8 45.Nd5 Rg5 46.Ne3 Re5 47.Rb7 Kg7 48.Rd7 Re7 49.Rd5 Ra7
50.Rd3 Ra4 51.Rb3 Rd4 52.Rb5 h4 53.Kg2 Rd3 54.Nf1 Be7 55.Nh2 h3+ 56.Kf2 Rd2+  0-1

[Event "Rilton Cup"]
[Site "Stockholm"]
[Date "1991.??.??"]
[Round "6"]
[White "Johansson, Jan"]
[Black "Winge, Stefan"]
[Result "1-0"]
[WhiteElo "2415"]
[BlackElo "2300"]

1.e4 c5 2.Nf3 Nc6 3.Bb5 d6 4.O-O Bg4 5.c3 e5 6.d4 Qb6 7.Na3 cxd4 8.cxd4 d5
9.exd5 Bxa3 10.dxc6 Qxb5 11.cxb7 Rd8 12.bxa3 e4 13.Qb3 Qxb3 14.axb3 Rb8 15.Ne5 Be6
16.Nc4 Bxc4 17.bxc4 Rxb7 18.Be3 Ne7 19.Rab1 Rc7 20.Rb8+ Nc8 21.c5 O-O 22.d5 Rd8
23.Rd1 Rdd7 24.g4 f5 25.gxf5 Kf7 26.Kg2 Ke8 27.c6 Rd8 28.Bf4  1-0

[Event "SWZ-GP"]
[Site "Suhr"]
[Date "1991.??.??"]
[Round "2"]
[White "Gavrikov, Viktor"]
[Black "Klinger, Josef"]
[Result "1/2-1/2"]
[WhiteElo "2580"]
[BlackElo "2470"]

1.e4 c5 2.Nf3 Nc6 3.Bb5 e6 4.Bxc6 bxc6 5.d3 Ne7 6.Nh4 Ng6 7.Nxg6 hxg6 8.Qe2 e5
9.f4 Bd6 10.O-O c4 11.Na3 exf4 12.Qf2 Ba6 13.Bxf4 Bxf4 14.Qxf4 Qb6+ 15.Kh1 O-O
16.Nxc4 Bxc4 17.dxc4 Qxb2 18.Qd2 Qe5 19.Rae1 d6 20.Rf3 Rae8 21.Rfe3 Qc5 22.Qd3 Re6
23.h3 Rb8 24.c3 Rb2 25.R3e2 Rxe2 26.Rxe2 Qe5 27.Qd4 Qh5 28.Rb2 c5 29.Qd5 Qh4
30.Rb8+ Kh7 31.Qa8 Qe1+ 32.Kh2 g5 33.Qd5 Qxe4 34.Qxg5 Re5 35.Qd2 Qxc4 36.Rd8 d5
37.Qf2 f6 38.Rc8 Qxc3 39.Rxc5 Qb4 40.Rc7 Kg6 41.Rxa7 Rg5 42.Qc2+ Kh6 43.Ra8 Qf4+
44.Kh1 g6 45.Rh8+ Kg7 46.Re8 Re5 47.Qc7+ Kh6 48.Rxe5 fxe5 49.a4 d4 50.Qd8 Qf1+  1/2-1/2

[Event "SWE-ch"]
[Site "SWE"]
[Date "1991.??.??"]
[Round "10"]
[White "Johansson, Mikael"]
[Black "Degerman, Lars"]
[Result "1/2-1/2"]
[WhiteElo "2260"]
[BlackElo "2405"]

1.e4 c5 2.Nf3 Nc6 3.Bb5 g6 4.O-O Bg7 5.Re1 e5 6.Bxc6 dxc6 7.b3 Nh6 8.Bb2 Qe7
9.d3 O-O 10.Nbd2 f6 11.a4 Nf7 12.Ba3 Rd8 13.a5 Rd7 14.Nc4 Nd8 15.Ra2 Ne6
16.Qa1 Qd8 17.Bc1 Bf8 18.Bd2 Rf7 19.Qc1 g5 20.h3 Nd4 21.Qd1 Rg7 22.Nh2 Qe8
23.g4 h5 24.Ne3 h4 25.Kg2 Be6 26.Nf5 Rd7 27.Nf1 Qf7 28.Rb2 Kh7 29.N1e3 Rad8
30.Nxd4 cxd4 31.Nf5 c5 32.Qe2 Kh8 33.Kh2 Rc8 34.Rg1 Be7 35.Rbb1 Qh7 36.Ra1 Bd8
37.Rg2 Be7 38.Kh1 Bf8 39.Rag1 Bd6 40.f3 Rg8 41.Ra1 Bf8 42.Rgg1 Rc7 43.Rgb1 Qd7
44.Qe1 Qd8 45.Qf2 Rg6 46.Rd1 Rd7 47.Rab1 Rg8 48.Qe2 Be7 49.Be1 Qc7 50.Qd2 Bxf5
51.gxf5 Rg7 52.Ra1 Qc6 53.Qh2 Bd6 54.Bd2 b5 55.axb6 axb6 56.Qg2 b5 57.Qg4 Bf8
58.Ra2 Ra7 59.Rxa7 Rxa7 60.Rg1 Rg7 61.Qh5+ Kg8 62.Qh6 Qd6 63.Kh2 Qe7 64.Ra1 Rh7
65.Qg6+ Rg7 66.Qh5 Qf7 67.Qg4 Qb7 68.Qg1 Qc6 69.Qb1 Rc7 70.Kg1 c4 71.bxc4 bxc4
72.Ra2 Rb7 73.Rb2 Rxb2 74.Qxb2 c3 75.Qa2+ Kg7 76.Qa7+ Kg8 77.Bc1 Qb5 78.Qa2+ Kg7
79.Kf2 Be7 80.Qe6 Qc5  1/2-1/2

[Event "Sydney Mercantile"]
[Site "Sydney"]
[Date "1991.??.??"]
[Round "3"]
[White "West, Guy"]
[Black "Rogers, Ian"]
[Result "0-1"]
[WhiteElo "2445"]
[BlackElo "2545"]

1.e4 c5 2.Nf3 Nc6 3.Bb5 e6 4.O-O Nge7 5.d4 cxd4 6.Nxd4 Qc7 7.Nc3 a6 8.Nde2 Ng6
9.Bd3 Bc5 10.a3 Nge5 11.Nf4 O-O 12.Qh5 b5 13.Qg5 f6 14.Qg3 Bb7 15.Be3 Nxd3
16.cxd3 Bd6 17.Nce2 f5 18.Rac1 Rf7 19.Qh4 Raf8 20.f3 Qb8 21.g4 fxg4 22.fxg4 Bxf4
23.Nxf4 Rxf4 24.Bxf4 Rxf4 25.Qg5 Rxf1+ 26.Rxf1 Qe5  0-1

[Event "FIN-ch"]
[Site "Tampere"]
[Date "1991.??.??"]
[Round "6"]
[White "Haapasalo, Jukka Pekka"]
[Black "Raaste, Eero J"]
[Result "1/2-1/2"]
[WhiteElo "2240"]
[BlackElo "2370"]

1.e4 c5 2.Nf3 Nc6 3.Bb5 g6 4.O-O Bg7 5.c3 e5 6.d4 cxd4 7.cxd4 exd4 8.Bf4 Nge7
9.Bd6 O-O 10.Nbd2 h6 11.Bc4 b6 12.b4 Bb7 13.Qb3  1/2-1/2

[Event "FIN-ch"]
[Site "Tampere"]
[Date "1991.??.??"]
[Round "10"]
[White "Haapasalo, Jukka Pekka"]
[Black "Manninen, Marko"]
[Result "0-1"]
[WhiteElo "2240"]
[BlackElo "2310"]

1.e4 c5 2.Nf3 Nc6 3.Bb5 e6 4.Bxc6 bxc6 5.O-O d6 6.e5 dxe5 7.Nxe5 Bd6 8.Re1 Ne7
9.Na3 O-O 10.Nac4 Bc7 11.b3 Qd5 12.Ba3 Nf5 13.Ng4 Rd8 14.Nge3 Nxe3 15.Rxe3 Ba6
16.d3 e5 17.Qe2 f6 18.Re1 Rab8 19.Rh3 Bxc4 20.bxc4 Qd4 21.Qh5 h6 22.Qg6 Qc3
23.Rf1 Qxc2 24.Rxh6 Qxd3 25.Bxc5 Rb2 26.Qxd3 Rxd3 27.Rh3 Rxh3 28.gxh3 Rxa2
29.Rb1 Ra5 30.Be3 Bd6 31.Rb7 Bc5  0-1

[Event "Tbilisi"]
[Site "Tbilisi"]
[Date "1991.??.??"]
[Round "?"]
[White "Gurgenidze, Bukhuti"]
[Black "Efimov, Igor"]
[Result "1/2-1/2"]
[WhiteElo "2370"]
[BlackElo "2470"]

1.e4 c5 2.Nf3 Nc6 3.Bb5 e5 4.O-O d6 5.c3 Qb6 6.Bxc6+ Qxc6 7.d4 Qxe4 8.dxe5 Qc6
9.Nbd2 d5 10.c4 Nh6 11.cxd5 Qxd5 12.Qa4+ Bd7 13.Qf4 Nf5 14.Ne4 Be7 15.Be3 Bc6
16.Qxf5 Qxe4 17.Qxe4 Bxe4 18.Nd2 Bd5 19.Rfc1 b6 20.f4 Rd8 21.Kf2 f6 22.Nf3 O-O
23.a4 g5 24.fxg5 fxe5 25.Ke2 e4 26.Nd2 Bb7 27.Nc4 Rd3 28.Ra3 Rfd8 29.Rxd3 exd3+
30.Kf2 Kf7 31.Nd2 Ke6 32.Rc4 Rf8+ 33.Kg1 Rf5 34.Rg4 Re5 35.Kf2 Kf5 36.h3 a6
37.b3 b5 38.axb5 axb5 39.Rf4+ Kg6 40.h4 Rf5 41.g4 Rxf4+ 42.Bxf4 Bc8 43.Kf3 Be6
44.Be5 c4 45.bxc4 bxc4 46.Bc3 h5 47.gxh5+ Kxh5 48.Ke4 Bf8 49.Ke5 Bg8 50.Kf5 Kxh4
51.g6 Kg3 52.g7 Ba3 53.Nxc4  1/2-1/2

[Event "Tel Aviv"]
[Site "Tel Aviv"]
[Date "1991.??.??"]
[Round "6"]
[White "Psakhis, Lev"]
[Black "Grivas, Efstratios"]
[Result "1/2-1/2"]
[WhiteElo "2555"]
[BlackElo "2425"]

1.e4 c5 2.Nf3 Nc6 3.Bb5 d6 4.O-O Bd7 5.Re1 Nf6 6.c3 a6 7.Bf1 Bg4 8.h3 Bxf3
9.Qxf3 g6 10.Na3 Bg7 11.Qd1 Nd7 12.Nc2 Qb6 13.a3 O-O 14.b4 Rac8 15.Rb1 Qc7
16.d4 cxd4 17.cxd4 Nb6 18.b5 axb5 19.Bxb5 d5 20.e5 Nxe5 21.dxe5 Qxc2 22.Be3 Qxd1
23.Rbxd1 Nc4 24.Rxd5 e6 25.Rd7 Nxa3 26.Rxb7 Bxe5 27.Bh6 Bg7 28.Bxg7 Kxg7
29.Bd7 Rb8 30.Ra7 Ra8 31.Rc7 Kg8 32.Re3 Rfd8 33.Rf3 Ra5 34.Rb3 Nc4 35.Bxe6 Ne5
36.f4 fxe6 37.Rbb7 Ra1+ 38.Kh2 Nd7  1/2-1/2

[Event "Terrassa"]
[Site "Terrassa"]
[Date "1991.??.??"]
[Round "4"]
[White "Romanishin, Oleg M"]
[Black "Boensch, Uwe"]
[Result "1/2-1/2"]
[WhiteElo "2610"]
[BlackElo "2470"]

1.e4 c5 2.Nf3 Nc6 3.Bb5 e6 4.c3 d5 5.Ne5 Bd7 6.Bxc6 Bxc6 7.Nxc6 bxc6 8.Qa4 Qc7
9.d3 Bd6 10.Nd2 Ne7 11.exd5 exd5 12.Nf3 O-O 13.O-O f5 14.d4 Ng6 15.Be3 f4
16.Bd2 Rae8 17.Rae1 h6 18.b4 cxb4 19.cxb4 Re4 20.Qc2 Rfe8 21.Rc1 Ne7 22.b5 Rc8
23.bxc6 Qxc6 24.Qb3 Qd7 25.Rxc8+ Qxc8 26.Bb4 Bxb4 27.Qxb4 Nf5 28.h3 Kh7 29.Qb1 Qe6
30.Rd1 Qg6 31.Ne5 Qb6 32.Qxb6 axb6 33.Nf3 Re2  1/2-1/2

[Event "Terrassa"]
[Site "Terrassa"]
[Date "1991.??.??"]
[Round "9"]
[White "Pomes Marcet, Juan"]
[Black "Boensch, Uwe"]
[Result "1-0"]
[WhiteElo "2400"]
[BlackElo "2470"]

1.e4 c5 2.Nf3 Nc6 3.Bb5 g6 4.O-O Bg7 5.Nc3 Nd4 6.Bc4 d6 7.d3 e6 8.Nxd4 cxd4
9.Ne2 Ne7 10.Bg5 h6 11.Bd2 O-O 12.Bb3 Bd7 13.f4 a5 14.a4 Kh7 15.Ng3 f5 16.Qe2 Qc7
17.Rae1 Rae8 18.h4 d5 19.e5 b5 20.axb5 Bxb5 21.Rc1 a4 22.Ba2 Nc6 23.Qf2 Rf7
24.Ne2 Bf8 25.Qf3 Qb6 26.h5 Rg7 27.hxg6+ Rxg6 28.Kf2 Ba6 29.Ng3 Rd8 30.Rh1 Qxb2
31.Nxf5 Qxa2 32.Nh4 Rg7 33.Qh3 Bc8 34.Nf3 Kg8 35.g4 Rf7 36.Ng5 Nxe5 37.Nxf7 Nxf7
38.g5 e5 39.Qh5 Rd6 40.g6 Nh8 41.g7 Bxg7 42.Qe8+ Kh7 43.Qxc8 e4 44.Ra1 e3+
45.Ke2 Qb2 46.Rhb1 a3 47.Rxb2 axb2 48.Rb1 Ng6 49.f5 Ne7 50.Qc5 Nxf5 51.Be1  1-0

[Event "Teteven op"]
[Site "Teteven"]
[Date "1991.??.??"]
[Round "8"]
[White "Latinov, Georgi"]
[Black "Radev, Nikolai"]
[Result "1-0"]
[WhiteElo "2235"]
[BlackElo "2355"]

1.e4 c5 2.Nf3 Nc6 3.Bb5 g6 4.O-O Bg7 5.c3 e5 6.d4 cxd4 7.cxd4 exd4 8.Bg5 Nge7
9.Na3 O-O 10.Re1 h6 11.Bh4 a6 12.Bf1 d6 13.h3 b5 14.Nc2 g5 15.Bg3 f5 16.exf5 Nxf5
17.Bh2 Qf6 18.a4 Rb8 19.axb5 axb5 20.Bd3 Bd7 21.Ra6 Nfe7 22.Be4 Rbc8 23.Bg3 Nf5
24.Bh2 Kh8 25.Qd3 Qf7 26.Qd2 Ne5 27.Nb4 Nc4 28.Qe2 Rce8 29.Qc2 Re7 30.b3 Ne5
31.Bxe5 Bxe5 32.Bd5 Qg7 33.Nd3 Rc8 34.Qd2 Rc3 35.g4 Bf4 36.Ra8+ Kh7 37.Nxf4 gxf4
38.Rxe7 Nxe7 39.Be4+ Bf5 40.Qe2 d5 41.Bxf5+ Nxf5 42.Qe6  1-0

[Event "Teteven op"]
[Site "Teteven"]
[Date "1991.??.??"]
[Round "10"]
[White "Latinov, Georgi"]
[Black "Pantev, Veselin"]
[Result "1/2-1/2"]
[WhiteElo "2235"]
[BlackElo "2265"]

1.e4 c5 2.Nf3 Nc6 3.Bb5 g6 4.O-O Bg7 5.c3 Nf6 6.Re1 O-O 7.d4 cxd4 8.cxd4 d6
9.h3 a6 10.Bf1 e5 11.dxe5 dxe5 12.Qxd8 Rxd8 13.Na3 b5 14.Nc2 Be6 15.b3 Ne8
16.Ng5 Bd7 17.a4 bxa4 18.bxa4 h6 19.Nf3 Be6 20.Rb1 Na5 21.Nb4 Bc4 22.Nc6 Nxc6
23.Bxc4 Nd6 24.Bf1 Nd4 25.Rb6 a5 26.Nd2 Bf8 27.Nf3 Nc8 28.Ra6 Rxa6 29.Bxa6 Bb4
30.Rf1 Nxf3+ 31.gxf3 Nb6 32.Bb5 h5 33.Be3 Rd6 34.Rc1 Nd7 35.Rc8+ Kg7 36.Rd8 Nf8
37.Rxd6 Bxd6 38.Bb6 Bb4 39.Bc7 f6 40.Bc4 Nd7 41.Bb5 Nf8 42.Bc4 g5 43.Bb6 Ng6
44.Kg2 Bd2 45.Be3 Bb4 46.Kf1 Kf8 47.Ke2 Ke7 48.Kf1 Nf8 49.Kg2 h4 50.Kf1 Kd6
51.Bb6 Ke7 52.Ke2 Ng6 53.Be3 Kd6 54.Bb5 Bc5 55.Be8 Nf8 56.Bf7 Nd7 57.Bd2 Bb6
58.Be8 Nf8 59.Kd3 Ne6 60.Kc4 Bxf2 61.Bh5 Bb6 62.Kb5 Bc7 63.Bxa5 Nd4+ 64.Ka6 Bxa5
65.Kxa5 Kc5  1/2-1/2

[Event "Torcy op"]
[Site "Torcy"]
[Date "1991.??.??"]
[Round "?"]
[White "Sokolov, Andrei"]
[Black "Berthelot, Yannick"]
[Result "1-0"]
[WhiteElo "2550"]
[BlackElo "2315"]

1.e4 c5 2.Nf3 Nc6 3.Bb5 g6 4.O-O Bg7 5.Re1 e5 6.Bxc6 dxc6 7.a3 Qe7 8.b4 Nf6
9.bxc5 Qxc5 10.a4 Bg4 11.Ba3 Bxf3 12.Qxf3 Qxc2 13.Bd6 O-O-O 14.Na3 Qxd2 15.Qh3+ Rd7
16.Rad1 Qh6 17.Qc3 Ne8 18.Bc5 Rxd1 19.Rxd1 Nc7 20.Qd3 Qg5 21.Qd7+ Kb8 22.Be7  1-0

[Event "Torcy op"]
[Site "Torcy"]
[Date "1991.??.??"]
[Round "?"]
[White "Kveinys, Aloyzas"]
[Black "Sveshnikov, Evgeny"]
[Result "0-1"]
[WhiteElo "2435"]
[BlackElo "2510"]

1.e4 c5 2.Nf3 Nc6 3.Bb5 e6 4.O-O Nge7 5.Re1 a6 6.Bxc6 Nxc6 7.d4 cxd4 8.Nxd4 d6
9.Nc3 Bd7 10.Nxc6 bxc6 11.e5 d5 12.Bd2 Be7 13.Qg4 Kf8 14.Qh5 h6 15.Rad1 g6
16.Qf3 Kg7 17.Ne2 c5 18.Nf4 a5 19.Qg3 Bh4 20.Qg4 Bg5 21.Nh3 Be7 22.Re3 Qb8
23.Rb3 Qc7 24.Nf4 h5 25.Qe2 Ba4 26.Rc3 d4 27.Rg3 Bxc2 28.Rc1 h4 29.Ra3 Bf5
30.Ra4 Qb7 31.b3 h3 32.Rxa5 Rxa5 33.Bxa5 Bg5 34.Qf3 Qxf3 35.gxf3 Bxf4 36.Rxc5 d3  0-1

[Event "SVK-ch"]
[Site "Trencin"]
[Date "1991.??.??"]
[Round "?"]
[White "Kohut, M."]
[Black "Kovacik, Emil"]
[Result "0-1"]
[WhiteElo "1980"]
[BlackElo "2085"]

1.e4 c5 2.Nf3 Nc6 3.Bb5 g6 4.c3 Nf6 5.e5 Nd5 6.O-O Bg7 7.d4 cxd4 8.cxd4 O-O
9.Nc3 Nxc3 10.bxc3 d6 11.exd6 Qxd6 12.a4 Rd8 13.Ba3 Qc7 14.Qe2 e6 15.Rfd1 b6
16.Qc4 Bb7 17.a5 bxa5 18.Ne1 Rac8 19.Nd3 Ba8 20.Nc5 Qf4 21.h3 Nb8 22.Bc1 Qf5
23.Be3 Qh5 24.Rd2 Bf8 25.Rb2 e5 26.Qa4 exd4 27.cxd4 Qd5 28.f3 Bg7 29.Nb3 Rc3
30.Re1 Nc6 31.Bxc6 Bxc6 32.Qa2 a4 33.Nc5 Rxe3 34.Rxe3 Bxd4  0-1

[Event "Vienna op"]
[Site "Vienna"]
[Date "1991.??.??"]
[Round "2"]
[White "Wahls, Matthias"]
[Black "Weindl, Alfred"]
[Result "1-0"]
[WhiteElo "2560"]
[BlackElo "2350"]

1.e4 c5 2.Nf3 Nc6 3.Bb5 g6 4.O-O Bg7 5.c3 Nf6 6.Re1 O-O 7.d4 cxd4 8.cxd4 d5
9.e5 Ne4 10.Nc3 Nxc3 11.bxc3 Na5 12.Ng5 h6 13.Nf3 Nc4 14.Nd2 Be6 15.Nxc4 dxc4
16.Ba4 Rb8 17.Bc2 b5 18.Ba3 Qd7 19.Bb4 Bd5 20.a4 a6 21.f4 Rfe8 22.g4 e6 23.Re3 Qd8
24.Rg3 Rb7 25.Qd2 Bc6 26.axb5 axb5 27.Bd6 Rd7 28.Bc5 Rb7 29.Re1 Qd5 30.Be4 Qd7
31.Bb1 Qd5 32.Kf2 f5 33.exf6 Bxf6 34.Be4 Qd7 35.Bxg6 Bh4 36.Bxe8 Qxe8 37.f5  1-0

[Event "Vienna op"]
[Site "Vienna"]
[Date "1991.??.??"]
[Round "3"]
[White "Fette, Martin"]
[Black "Schmittdiel, Eckhard"]
[Result "1/2-1/2"]
[WhiteElo "2380"]
[BlackElo "2490"]

1.e4 c5 2.Nf3 Nc6 3.Bb5 g6 4.O-O Bg7 5.c3 e5 6.d4 cxd4 7.cxd4 exd4 8.Bf4 Nge7
9.Bd6 O-O 10.Nbd2 a6 11.Bc4 b5 12.Bd5 h6 13.Rc1 Bb7 14.Nb3 Nxd5 15.Bxf8 Qxf8
16.exd5 Nb4 17.Nbxd4 Qd6 18.a3 Nxd5 19.Re1 Nf4 20.Nb3 Qxd1 21.Rcxd1 Bxb2
22.Rxd7 Bxf3 23.gxf3 Bxa3 24.Red1 Ne6 25.Rb7 Bf8 26.Rdd7 Re8 27.Rxf7 Nd8
28.Rxf8+ Kxf8 29.Ra7 Re6 30.Nc5 Rd6 31.Nxa6 Ne6 32.Kg2 Rd1 33.Nc7 Nf4+ 34.Kg3 g5
35.Kg4 b4 36.Rb7 Rd7 37.Rb8+ Kg7 38.Na6 Nd3 39.Kh5 Rd4 40.Rb7+ Kf6 41.Rb6+ Kf5
42.Kxh6  1/2-1/2